Sachon electronic-buch-cd =
| Format: | Book |
|---|---|
| Published: |
Schloss Mindelburg:
Industriedatenbank Sachon Verlag,
2003.
|
| Subjects: |
| LEADER | 00499cam a2200133 7i4500 | ||
|---|---|---|---|
| 001 | 0000014354 | ||
| 005 | 20040820090000.0 | ||
| 090 | 0 | 0 | |a CD 382.6025 |b SAC(GERM) |
| 245 | 0 | 0 | |a Sachon electronic-buch-cd = |l The German export directory |c 2003. |
| 260 | 0 | 0 | |a Schloss Mindelburg: |b Industriedatenbank Sachon Verlag, |c 2003. |
| 300 | # | # | |a Electronic computer optical disc(CD-ROM). |
| 650 | 0 | 0 | |a Exporters -- |x Directores -- |z Germany |
| 651 | 0 | 0 | |a Germany |
| 999 | |a CDR000330H |b CD-ROM |c AV Collection |e Business Information Centre | ||